Business Benchmark. Advanced: Student's Book

Bibliographische Detailangaben
1. Verfasser: Brook-Hart G. Guy
Zusammenfassung:Business Benchmark helps students get ahead with their Business English vocabulary and skills and gives them grammar practice in business contexts. This course book provides advanced-level students with essential business language and vocabulary, and provides training and practice for the BEC Higher exam, using real BEC exam tasks provided by Cambridge ESOL. Self-study Books, Teacher's Resource Books and Audio CDs (2) are also available.
Sprache:Englisch
Veröffentlicht: Cambridge, Cambridge University Press, 2007
Schlagworte:
Format: MixedMaterials
KOHA link:https://koha.lib.tpu.ru/cgi-bin/koha/opac-detail.pl?biblionumber=209618

MARC

LEADER 00000nmm0a2200000 4500
001 209618
005 20231101225544.0
010 |a 9780521672955 
035 |a (RuTPU)RU\TPU\book\228957 
035 |a RU\TPU\book\178802 
090 |a 209618 
100 |a 20120214d2007 m y0engy50 ba 
101 0 |a eng 
102 |a GB 
105 |a a j 000zy 
200 1 |a Business Benchmark. Advanced  |e Student's Book  |f G. Brook-Hart 
210 |a Cambridge  |c Cambridge University Press  |d 2007 
215 |a 192 p.  |c il.  |e 3 CD-ROM  |e 3 кассеты 
330 |a Business Benchmark helps students get ahead with their Business English vocabulary and skills and gives them grammar practice in business contexts. This course book provides advanced-level students with essential business language and vocabulary, and provides training and practice for the BEC Higher exam, using real BEC exam tasks provided by Cambridge ESOL. Self-study Books, Teacher's Resource Books and Audio CDs (2) are also available. 
606 1 |a Английский язык  |x Учебные руководства и пособия  |x Учебные руководства и пособия для высшей школы  |2 stltpush  |3 (RuTPU)RU\TPU\subj\29071  |9 52483 
610 1 |a профессиональный английский язык 
610 1 |a лексика 
610 1 |a разговорная речь 
610 1 |a грамматика 
610 1 |a упражнения 
610 1 |a бизнес 
610 1 |a образование 
610 1 |a управление 
610 1 |a CD-ROM 
610 1 |a кассеты 
686 |a Ш143.21-923  |v LBC/SL-A  |2 rubbk 
700 1 |a Brook-Hart  |b G.  |g Guy 
801 1 |a RU  |b 63413507  |c 20090910 
801 2 |a RU  |b 63413507  |c 20221209  |g RCR 
942 |c MX